Beethoven project / (Record no. 136772)

MARC details
000 -CABECERA
campo de control de longitud fija 03240ngm a2200625 i 4500
001 - NÚMERO DE CONTROL
campo de control 991061511076506706
003 - IDENTIFICADOR DEL NÚMERO DE CONTROL
campo de control ES-BaIT
005 - FECHA Y HORA DE LA ÚLTIMA TRANSACCIÓN
campo de control 20260413135920.0
008 - DATOS DE LONGITUD FIJA--INFORMACIÓN GENERAL
campo de control de longitud fija 251029p20202019gw 134 vlzxx c
024 1# - IDENTIFICADOR DE OTROS ESTÁNDARES
Número estándar o código 814337015374
028 42 - NÚMERO DE EDITOR O DISTRIBUIDOR
Número de editor o de distribuidor 753704
Fuente C Major
035 ## - NÚMERO DE CONTROL DEL SISTEMA
Número de control de sistema (OCoLC)1294404156
035 ## - NÚMERO DE CONTROL DEL SISTEMA
Número de control de sistema (OCoLC)on1294404156
040 ## - FUENTE DE LA CATALOGACIÓN
Centro catalogador/agencia de origen ES-BaIT
Lengua de catalogación cat
Normas de descripción rda
Centro/agencia transcriptor ES-BaIT
041 0# - CÓDIGO DE LENGUA
Código de idioma del material acompañante/anexo si no son libretos y transcripciones eng
-- ger
080 ## - NÚMERO DE LA CLASIFICACIÓN DECIMAL UNIVERSAL
Número de la Clasificación Decimal Universal 793.4(086.8)
245 00 - MENCIÓN DE TÍTULO
Título Beethoven project /
Mención de responsabilidad, etc. a ballet by John Neumeier ; music by Ludwig van Beethoven ; Hamburg Ballet ; Deutsche Radio Philharmonie Saarbrücken Kaiserslautern
264 #1 - PRODUCCIÓN, PUBLICACIÓN, DISTRIBUCIÓN, FABRICACIÓN Y COPYRIGHT
Producción, publicación, distribución, fabricación y copyright Berlin :
Nombre del de productor, editor, distribuidor, fabricante C Major,
Fecha de producción, publicación, distribución, fabricación o copyright [2020]
264 #4 - PRODUCCIÓN, PUBLICACIÓN, DISTRIBUCIÓN, FABRICACIÓN Y COPYRIGHT
Fecha de producción, publicación, distribución, fabricación o copyright ©2020
300 ## - DESCRIPCIÓN FÍSICA
Extensión 1 videodisc (134 min) :
Otras características físicas so, color ;
Dimensiones 12 cm +
Material acompañante/anejo 1 llibret (37 pàgines)
336 ## - TIPO DE CONTENIDO
Término de tipo de contenido imatge en moviment bidimensional
Código de tipo de contenido tdi
Fuente rdacontent
337 ## - TIPO DE MEDIO
Nombre/término del tipo de medio vídeo
Código del tipo de medio v
Fuente rdamedia
338 ## - TIPO DE SOPORTE
Nombre/término del tipo de soporte videodisc
Código del tipo de soporte vd
Fuente rdacarrier
344 ## - CARACTERÍSTICAS DE SONIDO
Tipo de grabación digital
Fuente rdatr
344 ## - CARACTERÍSTICAS DE SONIDO
Medio de grabación òptic
Fuente rdarm
344 ## - CARACTERÍSTICAS DE SONIDO
Configuración de los canales de reproducción del sonido so envoltant
Fuente rdacpc
344 ## - CARACTERÍSTICAS DE SONIDO
Características especiales de reproducción DTS-HD Master Audio 5.0
347 ## - CARACTERÍSTICAS DEL ARCHIVO DIGITAL
Tipo de archivo fitxer vídeo
Fuente rdaft
347 ## - CARACTERÍSTICAS DEL ARCHIVO DIGITAL
Formato de codificación Blu-ray
347 ## - CARACTERÍSTICAS DEL ARCHIVO DIGITAL
Codificación regional totes les regions
Fuente rdare
500 ## - NOTA GENERAL
Nota general Títol obtingut de la superfície del disc
508 ## - NOTA DE CRÉDITOS DE CREACIÓN O PRODUCCIÓN
Nota de créditos de creación o producción Coreografia, il·luminació, figurinisme: John Neumeier ; escenografia: Heinrich Tröger ; director d'orquestra: Simon Hewett.
511 1# - NOTA DE PARTICIPANTES O INTÉRPRETES
Nota de participantes o intérpretes Aleix Martínez (Ludwig van Beethoven) ; Edvin Revazov (Beethoven's Ideal) ; Patricia Friza (Beethoven's Mother) ; Borja Bermudez (Beethoven's Nephew)
518 ## - NOTA DE FECHA/HORA Y LUGAR DE UN ACONTECIMIENTO
Nota de fecha/hora y lugar de un acontecimiento Enregistrat en directe al Festspielhaus Baden-Baden 3 i 4 d' octubre de 2019
520 ## - SUMARIO, ETC.
Sumario, etc. "Beethoven Project is John Neumeier's choreographic tribute to Ludwig van Beethoven, blending elements of Narrative and Symphonic Ballet. Based on the "Eroica Variations", piano and chamber music, the "Prometheus" Ballet and the "Eroica" Symphony, John Neumeier describes his idea of the Beethoven Project: 'My ballet is an attempt to give physical shape to the form and emotion of Beethoven's music...'"--Contenidor
600 10 - PUNTO DE ACCESO ADICIONAL DE MATERIA--NOMBRE DE PERSONA
Nombre de persona Beethoven, Ludwig van,
Fechas asociadas al nombre 1770-1827
Subdivisión general Adaptacions coreogràfiques i de vídeo
9 (RLIN) 167711
650 #7 - PUNTO DE ACCESO ADICIONAL DE MATERIA--TÉRMINO DE MATERIA
Término de materia o nombre geográfico como elemento de entrada Dansa clàssica
Subdivisión general Coreografies
9 (RLIN) 56589
650 #0 - PUNTO DE ACCESO ADICIONAL DE MATERIA--TÉRMINO DE MATERIA
Término de materia o nombre geográfico como elemento de entrada Dansa filmada
9 (RLIN) 166159
700 1# - ENTRADA AGREGADA--NOMBRE PERSONAL
Nombre de persona Neumeier, John,
Fechas asociadas al nombre 1939-
Término indicativo de función/relación coreògraf,
-- figurinista,
-- il·luminador
9 (RLIN) 138252
700 1# - ENTRADA AGREGADA--NOMBRE PERSONAL
Nombre de persona Tröger, Heinrich
Término indicativo de función/relación escenògraf
9 (RLIN) 166252
700 1# - ENTRADA AGREGADA--NOMBRE PERSONAL
Nombre de persona Martínez, Aleix
Término indicativo de función/relación ballarí
9 (RLIN) 166248
700 1# - ENTRADA AGREGADA--NOMBRE PERSONAL
Nombre de persona Revazov, Edvin
Término indicativo de función/relación ballarí
9 (RLIN) 166302
700 1# - ENTRADA AGREGADA--NOMBRE PERSONAL
Nombre de persona Friza, Patricia
Término indicativo de función/relación ballarí
9 (RLIN) 167712
700 1# - ENTRADA AGREGADA--NOMBRE PERSONAL
Nombre de persona Bermudez, Borja
Término indicativo de función/relación ballarí
9 (RLIN) 167713
700 ## - ENTRADA AGREGADA--NOMBRE PERSONAL
Nombre de persona Hewett, Simon
Término indicativo de función/relación director d'orquestra
9 (RLIN) 146317
700 1# - ENTRADA AGREGADA--NOMBRE PERSONAL
Nombre de persona Beethoven, Ludwig van,
Fechas asociadas al nombre 1770-1827
Término indicativo de función/relación compositor
9 (RLIN) 95911
700 12 - ENTRADA AGREGADA--NOMBRE PERSONAL
Información de relación/Frase instructiva de referencia Adaptació coreogràfica de (obra):
Nombre de persona Beethoven, Ludwig van,
Fechas asociadas al nombre 1770-1827.
Título de la obra Variationen mit einer Fuge,
Medio de interpretación para música piano,
Número de parte o sección de la obra op. 35,
Clave para música E♭ major.
9 (RLIN) 167714
700 12 - ENTRADA AGREGADA--NOMBRE PERSONAL
Información de relación/Frase instructiva de referencia Adaptació coreogràfica de (obra):
Nombre de persona Beethoven, Ludwig van,
Fechas asociadas al nombre 1770-1827.
Título de la obra Geschöpfe des Prometheus
9 (RLIN) 167715
710 2# - ENTRADA AGREGADA--NOMBRE DE ENTIDAD CORPORATIVA
Nombre de entidad corporativa o nombre de jurisdicción como elemento de entrada Hamburger Ballett
Término indicativo de función/relación ballarí
9 (RLIN) 121213
710 2# - ENTRADA AGREGADA--NOMBRE DE ENTIDAD CORPORATIVA
Nombre de entidad corporativa o nombre de jurisdicción como elemento de entrada Deutsche Radio Philharmonie Saarbrücken Kaiserslautern
Término indicativo de función/relación instrumentista
9 (RLIN) 167716
730 ## - ENTRADA AGREGADA--TÍTULO UNIFORME
Título uniforme Beethoven-Projekt (Coreografia)
9 (RLIN) 167717
908 ## - COLOCAR PARÁMETRO DE COMANDO (RLIN)
Colocar parámetro de comando CDMAE
940 ## - EQUIVALENCIA O REFERENCIA-CRUZADA--TÍTULO UNIFORME [OBSOLETO] [solamente CAN/MARC]
Título uniforme <a href="OCLC">OCLC</a>
942 ## - ELEMENTOS DE ENTRADA AGREGADA (KOHA)
Fuente del sistema de clasificación o colocación Clasificación decimal universal
Tipo de ítem Koha Vídeo
Holdings
Estado de retiro Estado de pérdida Fuente del sistema de clasificación o colocación Estado dañado No para préstamo Localización permanente Ubicación/localización actual Ubicación en estantería Fecha de adquisición Fuente de adquisición Total de préstamos Signatura topográfica completa Código de barras Fecha visto por última vez Precio válido a partir de Tipo de ítem Koha
    Clasificación decimal universal     Biblioteca Barcelona Biblioteca Barcelona BCN Magatzem Vídeo 29/10/2025 Donatiu   VM10-00409 1900089417 29/10/2025 29/10/2025 Vídeo

Powered by Koha